000
00323nam a22001457a 4500
008
210514b ||||| |||| 00| 0 eng d
020
_a
9780201737196
041
_a
eng
080
_2
2nd
_a
72
082
_a
72
100
_a
41
101
_a
ARK
245
_a
Architecture Reference Manual
_c
David Seal
942
_2
udc
_c
BK
999
_c
57325
_d
57325